Most Visited Countries in the World - Statistics

General Stats
  • This quiz has been taken 91 times
  • The average score is 7 of 9
Answer Stats
Tourist Travels (2023) Answer % Correct
100.0 million France
96%
66.5 million United States
96%
85.1 million Spain
95%
57.2 million Italy
91%
37.2 million United Kingdom
91%
34.8 million Germany
85%
42.2 million Mexico
76%
32.7 million Greece
63%
30.9 million Austria
39%
No matching quizzes found
Score Distribution
Percent of People with Each Score
Percentile by Number Answered
Your Score History
You have not taken this quiz